Catálogo de la exposición bibliográfica de Elio Antonio de Nebrija celebrada en conmemoración del V Centenario de su nacimiento (1444 - 1944) / redactado por Luis Mª Plaza Escudero ; prólogo de Felipe Mateu y Llopis
Descripción Física:
39 p., [33] p. de làm. ; 24 cm
Otros Autores:
Mateu y Llopis, Felipe, 1901-1998
MARC
| LEADER | 00000nam a2200000Ia 4500 | ||
|---|---|---|---|
| 001 | 8011 | ||
| 008 | 160829s1950 xx 000 0 cat d | ||
| 080 | |a L-1-304 | ||
| 100 | |a Plaza Escudero, Luis María |9 36869 | ||
| 245 | |a Catálogo de la exposición bibliográfica de Elio Antonio de Nebrija celebrada en conmemoración del V Centenario de su nacimiento (1444 - 1944) / redactado por Luis Mª Plaza Escudero ; prólogo de Felipe Mateu y Llopis | ||
| 260 | |a Barcelona : |b Diputación Provincial de Barcelona, Biblioteca Central, |c 1950 | ||
| 300 | |a 39 p., [33] p. de làm. ; |c 24 cm | ||
| 650 | |a Nebrija, Elio Antonio de |x Bibliografia |x Exposicions |9 28822 | ||
| 700 | 1 | |a Mateu y Llopis, Felipe, |d 1901-1998 |e autor del pròleg |9 23991 | |
| 710 | 2 | |a Biblioteca Central (Barcelona, Catalunya) |9 54533 | |
| 901 | |a Arxiu | ||
| 942 | |n 1 |2 udc | ||
| 952 | |0 0 |1 0 |4 0 |6 L1304 |7 1 |9 44951 |a Arxiu |b Arxiu |d 2016-12-01 |l 0 |o L-1-304 |p 8011 |r 2016-12-01 00:00:00 |w 2016-12-01 |y ARXIU | ||
| 999 | |c 47550 |d 47550 | ||